00330nam a2200109Ia 450000500170000000800410001710000220005824500940008026000210017430000110019565000140020620260328101457.0260328s9999||||xx |||||||||||||| ||und|| aMiller, Donald L. 0aCity of the Century :b The epic of Chicago and the making of America /cDonald L. Miller bSimon & Schuster a704 p. aURBANISMO